Logo BPK

Biblioteka

Politechniki Koszalińskiej

Friesische Studien II : (Rekord nr 49560)

Szczegóły MARC
000 -ETYKIETA REKORDU
podpole kontrolne o stałej długości 00958nam a2200277 i 4500
001 - NUMER KONTROLNY REKORDU
pole kontrolne bgj
020 ## - MIĘDZYNARODOWY ZNORMALIZOWANY NUMER KSIĄŻKI - ISBN
ISBN 8778380596
040 ## - ŹRÓDŁO KATALOGOWANIA
Instytucja, która utworzyła rekord BPK
041 0# - KOD JĘZYKA
Kod języka tekstu ger
044 ## - KOD KRAJU WYDAWCY/PRODUCENTA
Kod kraju wydawcy/producenta DEU
080 ## - UNIWERSALNA KLASYFIKACJA DZIESIĘTNA - UKD
UKD 81'1
920 ## - Międzynarodowy znormalizowany numer książki – ISBN
ISBN 87-7838-059-6
008 - POLE O STAŁEJ DŁUGOŚCI - DANE KONTROLNE
podpole kontrolne o stałej długości s gw f |000 0 ger
245 10 - TYTUŁ/ODPOWIEDZIALNOŚĆ
Tytuł Friesische Studien II :
Ciąg dalszy tytułu Beiträge des Föhrer Symposiums zur Friesischen Philologie vom 7.-8. April 1994 /
Pozostałe elementy strefy tytułu i oznaczenia odpowiedzialności hrsg. von Volkert F. Faltings, Alastair G. H. Walker und Ommo Wilts.
246 ## - WARIANT TYTUŁU
Tytuł North-Western European Language Evolution.
260 ## - STREFA ADRESU WYDAWNICZEGO
Miejsce wydania Odense :
Nazwa wydawcy/dystrybutora Odense University Press,
Data publikacji, dystrybucji/powstania dokumentu 1995.
300 ## - STREFA OPISU FIZYCZNEGO
Objętość VI, 221 s. :
Inne cechy fizyczne wykr. ;
Rozmiary 22 cm,
490 1# - STREFA SERII I DOKUMENTU WIELOCZĘŚCIOWEGO - FORMA NIE DO WYSZUKIWANIA
Tytuł i oznaczenie odpowiedzialności serii North-Western European Language Evolution
-- Supplement
Numeracja w obrębie serii vol. 12
504 ## - UWAGA DOTYCZĄCA BIBLIOGRAFII
Informacje o bibliografii Bibliogr. 216-220.
650 9# - HASŁO PRZEDMIOTOWE W FORMIE NAZWY OGÓLNEJ LUB JEDNOSTKOWEJ
Nazwa ogólna lub geograficzna Językoznawstwo
700 1# - HASŁO DODATKOWE - NAZWA OSOBOWA
Nazwa osobowa FALTINGS, Volkert F.
700 1# - HASŁO DODATKOWE - NAZWA OSOBOWA
Nazwa osobowa WALKER, Alastair G. H.
700 1# - HASŁO DODATKOWE - NAZWA OSOBOWA
Nazwa osobowa Ommo Wilts.
830 ## - HASŁO DODATKOWE SERII LUB DOKUMENTU WIELOCZĘŚCIOWEGO - TYTUŁ UJEDNOLICONY
Tytuł ujednolicony North-Western European Language Evolution
Nazwa części/sekcji dzieła Supplement
942 ## - DODATKOWE ELEMENTY (KOHA)
Typ dokumentu Książka
Egzemplarze
Wycofany Status egzemplarza Uszkodzony Dostępność Lokalizacja stała Lokalizacja bieżąca Miejsce przechowywania Sygnatura Kod kreskowy Typ dokumentu
      Dostępny Biblioteka Politechniki Koszalińskiej Biblioteka Politechniki Koszalińskiej Wypożyczalnia Językowa N 1383 02436043 Książka
© 2023 Biblioteka Politechniki Koszalińskiej :: KOHA